The executive's accounting primer /

Bibliographic Details
Main Author: Dixon, Robert L.
Format: Book
Language:English
Published: New York : McGraw-Hill, [1982]
Edition:2nd ed.
Subjects:

MARC

Tag First Indicator Second Indicator Subfields
LEADER 00000pam a2200000 a 4500
001 in00000099248
005 20150924160105.0
008 811118s1982 nyu 00110 eng
010 |a  81020707  
020 |a 0070170797 
035 |a (OCoLC)07999110 
035 |9 AAL0123AM 
040 |a DLC  |c DLC  |d TXA  |d UtOrBLW 
049 |a TXAM  |c [1362735] 
050 0 0 |a HF5635  |b .D62 1982 
082 0 |a 657  |2 19 
100 1 |a Dixon, Robert L. 
245 1 4 |a The executive's accounting primer /  |c Robert L. Dixon. 
250 |a 2nd ed. 
264 1 |a New York :  |b McGraw-Hill,  |c [1982] 
264 4 |c ©1982 
300 |a xv, 395 pages ;  |c 24 cm. 
336 |a text  |b txt  |2 rdacontent 
337 |a unmediated  |b n  |2 rdamedia 
338 |a volume  |b nc  |2 rdacarrier 
500 |a Includes index. 
650 0 |a Accounting. 
999 |a MARS 
999 f f |s 10a0d96b-b0ac-3a6a-99d8-68cc87612558  |i e08b29da-5e7a-37e3-b3fb-d24774343165  |t 0 
952 f f |p ric  |a Texas A&M University  |b Rellis Campus  |c Joint Library Facility  |d Remote Storage  |t 0  |e HF5635 .D62 1982  |h Library of Congress classification  |i unmediated -- volume  |m A14806047421 
998 f f |a HF5635 .D62 1982  |t 0  |l Remote Storage